Libro de la Torre : Libro de Ainakls /

Bibliographic Details
Main Author: Borja, Carmen
Other Authors: Osan, Ana
Format: Electronic eBook
Language:Spanish
Published: Sant Cugat del Vallès, Barcelona : Amelia Romero, editora : Los Libros de la Frontera, 2000.
Series:Bardo (Romero, Amelia) ; 8.
Subjects:
Online Access:Digitalia Hispánica

MARC

LEADER 00000nam a2200000Ii 4500
001 DIGLIDFRO0006
003 NyNyDIG
006 m o d
007 cr |||||||||||
008 130401s2000 sp ob 000 p spa d
020 |z 9788482550343 
020 |z 8482550349 
035 |a (OCoLC)888267764 
040 |a DGITA  |b eng  |e pn  |c DGITA 
050 1 4 |a PQ6652.O58 eBook 
100 1 |a Borja, Carmen. 
245 1 0 |a Libro de la Torre :  |b Libro de Ainakls /  |c Carmen Borja ; prólogo de Ana Osan. 
246 3 |a Libro de la Torre ; Libro de Ainakls. 
264 1 |a Sant Cugat del Vallès, Barcelona :  |b Amelia Romero, editora :  |b Los Libros de la Frontera,  |c 2000. 
300 |a 1 online resource (87 pages)  
336 |a text  |b txt  |2 rdacontent 
337 |a computer  |b c  |2 rdamedia 
338 |a online resource  |b cr  |2 rdacarrier 
490 1 |a Bardo. Cuarta etapa. Colección de poesía ;  |v 8. 
504 |a Includes bibliographical references (p. 15). 
655 0 |a Electronic books. 
700 1 |a Osan, Ana. 
700 1 2 |a Borja, Carmen.  |t Libro de Ainakls. 
791 2 |a Digitalia (Firm),  |e distributor. 
740 0 2 |a Libro de Ainakls. 
830 0 |a Bardo (Romero, Amelia) ;  |v 8. 
793 0 |g Digitalia eBook Collection:  |a Libros de la Frontera. 
856 4 0 |3 Digitalia Hispánica  |u https://www.digitaliapublishing.com/a/10111/ 
910 |a Premium Collection: 2007-2012